000 00369nam a2200133Ia 4500
008 150202s9999 xx 000 0 und d
020 _a733532098
050 _aFIC
_bFIC
100 _aWhitefeather, Sheri.
245 _aTycoon warrior /
_cSheri, Whitefeather.
260 _aAustralia :
_bHarlequin Books,
_c2001.
300 _a185 pages :
_c18 cm.
650 _aFiction.
999 _c282480
_d282480